Разработка научно-методических основ исследования и совершенствования ударных систем ( на примере машин, применяемых при разрушении хрупких сред): диссертация на соискание ученой степени доктора технических наук; спец. 01.02.06

Detaylı Bibliyografya
Yazar: Жуков И. А. Иван Алексеевич
Müşterek Yazar: Сибирский государственный индустриальный университет (СибГИУ)
Diğer Yazarlar: Дворников Л. Т. Леонид Трофимович (научный консультант)
Özet:Защищена 7.04.2010 г.
Dil:Rusça
Baskı/Yayın Bilgisi: Новокузнецк, 2009
Konular:
Materyal Türü: MixedMaterials Kitap
KOHA link:https://koha.lib.tpu.ru/cgi-bin/koha/opac-detail.pl?biblionumber=179132

MARC

LEADER 00000nbm0a2200000 4500
001 179132
005 20231101223444.0
035 |a (RuTPU)RU\TPU\book\194194 
035 |a RU\TPU\book\194192 
090 |a 179132 
100 |a 20100415j20100407k y0rusy50 ca 
101 0 |a rus 
102 |a RU 
105 |a a m 001zy 
200 1 |a Разработка научно-методических основ исследования и совершенствования ударных систем ( на примере машин, применяемых при разрушении хрупких сред)  |e диссертация на соискание ученой степени доктора технических наук  |e спец. 01.02.06  |f И. А. Жуков  |g Сибирский государственный индустриальный университет (СибГИУ) ; науч. конс. Л. Т. Дворников 
210 |a Новокузнецк  |d 2009 
215 |a 240 л.  |c ил. 
300 |a Защищена 7.04.2010 г. 
320 |a Библиогр.: с. 176-210 (249 назв.). 
606 1 |a Буровые машины ударного действия электрические  |2 stltpush  |3 (RuTPU)RU\TPU\subj\30580  |9 53670 
610 1 |a ударные системы 
610 1 |a деформации 
610 1 |a упругие волны 
610 1 |a трехмерное распространение 
610 1 |a ударные импульсы 
610 1 |a бойки 
610 1 |a хрупкие среды 
610 1 |a разрушение 
610 1 |a буровые машины 
610 1 |a буровые инструменты 
610 1 |a ударные системы 
610 1 |a детали 
610 1 |a разработка 
610 1 |a совершенствование 
610 1 |a диссертации 
675 |a 622.233.5(04)  |v 3 
686 |a 01.02.06  |2 oksvnk 
700 1 |a Жуков  |b И. А.  |g Иван Алексеевич 
702 1 |a Дворников  |b Л. Т.  |g Леонид Трофимович  |4 695 
712 0 2 |a Сибирский государственный индустриальный университет (СибГИУ)  |c (1998- )  |c (Новокузнецк)  |2 stltpush  |3 (RuTPU)RU\TPU\col\74 
801 1 |a RU  |b 63413507  |c 20100415 
801 2 |a RU  |b 63413507  |c 20200828  |g RCR 
942 |c BK